00560nam a22001697a 450000500170000001000150001702000260003203500130005803700130007108200110008410000200009524500830011526000420019827000790024030000210031950000500034020140925121434.0 aENG-110915 a9788192958255c620.00 aEN-94447 bDBAD/PUB a305.42 aMahanty, Shukla aWomen empowerment :cby Shukla Mahantyba system for sustainable development / aNew DelhibGyan Geeta Prakashanc2014 aF-7, Gali no. 1, Panchsheel Garden Ext. Naveen ShahdarabNew Delhie110032 a312p. c22cm(Hb) aIncludes bibliographical references and index